| 000 | 01168nam a22001577a 4500 | ||
|---|---|---|---|
| 041 | _aukr | ||
| 080 | _a09 | ||
| 090 | _bБОН | ||
| 100 | _aБондар І.В. | ||
| 245 | _aКонцепт краса в англімовній картині світу | ||
| 260 |
_aОстог _bКАФ _c2010 |
||
| 300 | _a55 | ||
| 520 |
_aВСТУП
РОЗДІЛ 1 КОНЦЕПТУАЛЬНИЙ ПІДХІД У ВИВЧЕННІ МОВИ
1.1 Когнітивна лінгвістика як особливий напрям розвитку лінгвістики.
1.2 Поняття концепту як базової категорії когнітивної лінгвістики.
1.3 Когнітивна структура концепту.
РОЗДІЛ 2 РЕПРЕЗЕНТАЦІЯ КРАСИ В АНГЛОМОВНІЙ КАРТИНІ СВІТУ
2.1 Мовне позначення і вираження концепту КРАСА в англійській мові.
2.2 Особливості вживання лексики на позначення концепту КРАСА.
ВИСНОВКИ _0концепт краса |
||
| 650 | _aResearch Papers | ||
| 999 |
_c284275 _d284275 |
||
| 942 | _cBK | ||